| LEADER 00000nam 2200000uu 4500 |
| 001 13399110563 |
| 003 BCNR |
| 008 110221s2553||||th 000 0 tha d |
| 020 9786167287188
|
| 041 0 tha
|
| 060 04 WC100^bท337 2553
|
| 245 00 ทักษะการสื่อสารกับผู้ป่วยโรคติดเชื้อ :^bความสำคัญของโรคการรักษาและการป้องกัน /^cชิษณุ พันธุ์เจริญ, ธันยวีร์ ภูธนกิจ และ จรุงจิตร์ งามไพบูลย์, บรรณาธิการ
|
| 250 พิมพ์ครั้งที่ 1
|
| 260 กรุงเทพฯ :^bธนาเพรส,^c2553
|
| 300 0248 หน้า :^bภาพประกอบ ;^c21 ซม.
|
| 650 7 การสื่อสาร
|
| 650 7 การสื่อสารกับผู้ปว่ย
|
| 650 7 การสื่อสารทางการแพทย์
|
| 650 7 โรคติดเชื้อ^xการรักษา
|
| 650 7 โรคติดเชื้อ^xการป้องกันและควบคุม
|
| 650 7 โรคติดเชื้อ
|
| 700 0 ชิษณุ พันธุ์เจริญ,^eบรรณาธิการ
|
| 700 0 ธันยวีร์ ภูธนกิจ,^eบรรณาธิการ
|
| 700 0 จรุงจิตร์ งามไพบูลย์,^eบรรณาธิการ
|
| 710 2 โรงพยาบาลจุฬาลงกรณ์. ^bฝ่ายกุมารเวชศาสตร์.^bศูนย์ฝึกอบรมทักษะการสื่อสาร
|
| 999 ^aบรรณารักษ์
|